The Only Remaining NATO Country - Statistics

General Stats
  • This quiz has been taken 18 times
  • The average score is 22 of 32
Answer Stats
The only remaining NATO country that... Answer % Correct
Is majority Muslim Albania
100%
Is mostly in Asia Turkey
100%
Is in North America Canada
93%
Speaks mostly English United Kingdom
93%
Has over 100 million people United States
93%
Has a capital over 60 degrees north Finland
87%
Is an island country Iceland
87%
Speaks a Nordic language Denmark
80%
Has nuclear weapons France
80%
Has a land area of under 1000 square miles Luxembourg
80%
Touches the Arctic Ocean Norway
80%
Borders Andorra Spain
80%
Has land above the Arctic Circle Sweden
80%
Borders the Gulf of Finland Estonia
73%
Is found on the Iberian Peninsula Portugal
73%
Borders the Adriatic Sea Slovenia
73%
Was a finalist in one of the last two World Cups Croatia
67%
Borders Germany Czech Republic
67%
Uses an alphabet other than the Latin and Cyrillic Greece
67%
Borders the Mediterranean Sea Italy
67%
Borders the Black Sea Romania
67%
Had over 500000 square miles of African colonies Belgium
60%
Was on the Central Powers in World War I Bulgaria
60%
Speaks a non Indo-European language Hungary
60%
Has under 1 million people Montenegro
60%
Is landlocked Slovakia
60%
Has over 50 million people Germany
47%
Was NEVER communist Netherlands
47%
Has over 25 million residents Poland
47%
Uses the Cyrillic Alphabet North Macedonia
40%
Is in NATO Latvia
13%
Is predominantly Catholic Lithuania
13%
No matching quizzes found
Score Distribution
Percent of People with Each Score
Percentile by Number Answered
Your Score History
You have not taken this quiz